Španielsko-slovenský, slovensko-španielsky vreckový slovník

Podrobná bibliografia
Hlavný autor: Trup, Ladislav, 1943-2011 (Autor)
Médium: Kniha
Jazyk:slovenčina
španielčina
Fyzický popis:887 s. 15 cm
Vydavateľské údaje: Bratislava Mikula 2011
ISBN:9788088814757
Vydanie:3. nezm. vyd.
Predmet:

MARC

LEADER 00000nam a2200000 a 4500
001 vtls010278187
003 SK-MaSNL
005 20260301031739.0
008 210701s2011 xo 000 0 slo
015 |a SNBA2011 
020 |a 9788088814757  |q (viaz.) 
035 |a urn:nbn:sk:snk-am009vjb 
035 |a 03A75DF6-9118-423B-B472-FA494AF557B8 
035 |a urn:nbn:sk:snk-am3hboh 
040 |a SNK  |b slo  |c SNK  |e AACR2 
041 0 |a slo  |a spa 
044 |a xo  |c SK 
072 7 |a 81  |x Lingvistika. Jazyky  |2 konspekt 
080 |a 811.134.2  |2 2001 
080 |a 811.162.4  |2 2001 
080 |a (038)81  |2 2001 
100 1 |a Trup, Ladislav,  |d 1943-2011  |4 aut  |9 198154 
245 1 0 |a Španielsko-slovenský, slovensko-španielsky vreckový slovník  |c [autor: Ladislav Trup] 
250 |a 3. nezm. vyd. 
260 |a Bratislava  |b Mikula  |c 2011 
300 |a 887 s.  |c 15 cm 
650 0 7 |a španielčina  |2 SNKPH  |9 1358 
650 0 7 |a slovenčina  |2 SNKPH  |9 1350 
650 0 7 |a Spanish language  |2 SNKPHeng  |9 277810 
650 0 7 |a Slovak language  |2 SNKPHeng  |9 266031 
655 7 |a jazykové slovníky  |2 SNKPH  |9 70525 
655 7 |a Language dictionaries  |2 SNKPHeng  |9 301375 
919 |a 978-80-88814-75-7 
958 |a OND 
999 |c 577250  |d 579180 
952 |a SNK  |b SNK  |y PREZ  |7 0  |p 17A0702023  |o snkSE 12188  |i snk2011/10972  |8 0  |0 0  |1 0  |4 0  |d 2011-05-12  |f 1  |l 0  |r 2026-02-23 14:37:44  |w 2026-02-23 
952 |a SNK  |b SNK  |y VYP  |7 0  |p 17A0702025  |o snkSE 12188 D1  |i snk2011/10973  |8 0  |0 0  |1 0  |4 0  |d 2011-05-12  |l 0  |r 2026-02-23 14:37:44  |w 2026-02-23